Т. 5: 1963-1991 гг.; Очерки истории книжной культуры Сибири и Дальнего Востока

Détails bibliographiques
Parent link:Очерки истории книжной культуры Сибири и Дальнего Востока/ Сибирское отделение РАН; Государственная публичная научно-техническая библиотека. Т. 5: 1963-1991 гг..— , 2000-.— 5-7692-0269-6
Autres auteurs: Посадсков А. Л. Александр Леонидович (редактор)
Résumé:Пятый, завершающий том коллективной монографии охватывает последние десятилетия существования советской книжной культуры, показывает реализацию ее общественных функций на территории Сибири и Дальнего Востока с середины 1960-х до начала 1990-х гг. Воссоздаются и анализируются региональные особенности функционирования книжного дела в условиях эволюционных процессов, характерных для данной эпохи. В исследовании используется значительное количество ранее неизвестных источников современной литературы, рассекреченных или впервые опубликованных участниками событий документов. Рассматривается весь спектр взаимодействия книги и общества в изучаемое время: издание и полиграфическое производство книжной продукции, ее распространение, библиотечно-библиографическая деятельность и чтение, развитие читательских интересов в Сибири и на Дальнем Востоке. Для специалистов в области книговедения, библиотечных работников, представителей гуманитарных и общественных наук, а также для студентов гуманитарных факультетов вузов и всех, кто интересуется культурой восточных регионов России.
Langue:russe
Publié: 2006
Sujets:
Format: MixedMaterials Livre
KOHA link:https://koha.lib.tpu.ru/cgi-bin/koha/opac-detail.pl?biblionumber=139757

MARC

LEADER 00000nam2a2200000 4500
001 139757
005 20231031141841.0
010 |a 5945600962 
035 |a (RuTPU)RU\TPU\book\151397 
090 |a 139757 
100 |a 20080610d2006 k y0rusy50 ca 
101 0 |a rus 
102 |a RU 
105 |a a z 001zy 
200 0 |a Т. 5: 1963-1991 гг.  |f под ред. А. Л. Посадскова 
210 |d 2006 
215 |a 535 с.  |c ил. 
320 |a Библиография в примечаниях. 
320 |a Именной указатель: с. 515-530. 
320 |a Список условных сокращений: с. 531-532. 
330 |a Пятый, завершающий том коллективной монографии охватывает последние десятилетия существования советской книжной культуры, показывает реализацию ее общественных функций на территории Сибири и Дальнего Востока с середины 1960-х до начала 1990-х гг. Воссоздаются и анализируются региональные особенности функционирования книжного дела в условиях эволюционных процессов, характерных для данной эпохи. В исследовании используется значительное количество ранее неизвестных источников современной литературы, рассекреченных или впервые опубликованных участниками событий документов. Рассматривается весь спектр взаимодействия книги и общества в изучаемое время: издание и полиграфическое производство книжной продукции, ее распространение, библиотечно-библиографическая деятельность и чтение, развитие читательских интересов в Сибири и на Дальнем Востоке. Для специалистов в области книговедения, библиотечных работников, представителей гуманитарных и общественных наук, а также для студентов гуманитарных факультетов вузов и всех, кто интересуется культурой восточных регионов России. 
461 1 |0 (RuTPU)RU\TPU\book\23361  |y 5-7692-0269-6  |t Очерки истории книжной культуры Сибири и Дальнего Востока  |f Сибирское отделение РАН; Государственная публичная научно-техническая библиотека  |v Т. 5: 1963-1991 гг.  |d 2000- 
610 1 |a печать 
610 1 |a история 
610 1 |a книги 
610 1 |a книжная культура 
610 1 |a Сибирь 
610 1 |a Дальний Восток 
610 1 |a книгоиздательская деятельность 
610 1 |a 20 век 
610 1 |a книготорговля 
610 1 |a библиотечное дело 
610 1 |a чтение 
610 1 |a читатели 
610 1 |a книжная торговля 
686 |a Ч611.63(2Р5)  |v LBC/SL-A  |2 rubbk 
686 |a Ч611.68  |v LBC/SL-A  |2 rubbk 
702 1 |a Посадсков  |b А. Л.  |g Александр Леонидович  |4 340 
801 1 |a RU  |b 63413507  |c 20080610  |g PSBO 
801 2 |a RU  |b 63413507  |c 20090416  |g PSBO 
942 |c BK 
959 |a 65/20080529  |d 1  |e 341,00  |f РФ:1